|
|
|
|
| LEADER |
01112ncm a2200325 i 4500 |
| 001 |
001749302 |
| 003 |
CZ BrMZK |
| 005 |
20200611124359.0 |
| 008 |
200515s1884 gw zza g |||||||| zxx d |
| 040 |
|
|
|a BOA001
|b cze
|e rda
|
| 048 |
|
|
|a ka01
|
| 072 |
|
7 |
|a 786
|x Hudba pro klávesové nástroje
|2 Konspekt
|9 9
|
| 080 |
|
|
|a 786.2
|2 MRF
|
| 080 |
|
|
|a 78.04
|2 MRF
|
| 080 |
|
|
|a 78.089.6
|2 MRF
|
| 100 |
1 |
|
|a Bohm, Carl,
|d 1844-1920
|7 ola2008474827
|4 cmp
|
| 245 |
1 |
0 |
|a Liebesorakel, Op. 289 :
|b Melodie für Piano /
|c componirt von Carl Bohm
|
| 264 |
|
1 |
|a In Berlin :
|b Eduard Kühn,
|c [1884?]
|
| 300 |
|
|
|a 1 partitura (7 stran)
|
| 336 |
|
|
|a zápis hudby
|b ntm
|2 rdacontent
|
| 337 |
|
|
|a bez média
|b n
|2 rdamedia
|
| 338 |
|
|
|a svazek
|b nc
|2 rdacarrier
|
| 382 |
0 |
|
|a klavír
|n 1
|s 1
|
| 650 |
0 |
7 |
|a hudba pro klavír
|7 ph114721
|2 czenas
|
| 650 |
0 |
7 |
|a charakteristické skladby
|7 ph321731
|2 czenas
|
| 655 |
|
7 |
|a partitury pro sólový nástroj
|7 fd201979
|2 czenas
|
| 910 |
|
|
|b Mus4-1448.402
|
| 990 |
|
|
|a MU
|
| 991 |
|
|
|b 202006
|
| 996 |
6 |
|
|b 2610826890
|c Mus4-1448.402
|l MZK
|r Sklad / do 1 hodiny
|n 0
|p dar
|w 001807700
|u 000010
|a 1
|e BOA001
|j MZK50
|s P
|